000 00447nam a2200181Ia 4500
001 10983
005 20260306161912.0
008 260306t1980||||xx |||||||||||||| ||spa||
041 _aESP
082 _a985
_bD57
100 _aDenegri Luna, Félix
_eAUT
245 0 _aDiego de Esquivel y Navia y el Cuzco del siglo XVIII
260 _c1980
300 _a54 páginas :
_c24 cm.
650 _aGEN
654 _aCHU
942 _cLIB
_dJUS
_fJUS
_2ddc
_n
999 _c10983
_d10983